00764nam a2200229Ia 4500003000900000008004100009040001300050040001300063041000800076100002000084245003800104250001200142260001200154260000900166300001200175490002500187490000600212600011600218942000700334999001300341952018000354IT-RoPAU120407s9999 xx 000 0 und d aIT-RoPAU cIT-RoPAU aita aGerhard von Rad aTeologia dell’Antico Testamento aBrescia aPaideia c1974 c22,5 cm aBiblioteca Teologica v1 a"1° v. Teologia delle tradizioni storiche d’Israele 2° v. Teologia delle tradizioni profetiche d’Israele" cBK c379d379 00102ddc406222_50000000000000071aPAULUSbPAULUSd2012-04-11l0o222.5r2012-04-11 00:00:00w2012-04-11yBKzInserito da: In data: n.d. fondo: Via A.Severo 56 Progr:34613